书目信息 |
| 题名: |
工程概预算编制禁忌与审查
|
|
| 作者: | 周国藩 主编 | |
| 分册: | ||
| 出版信息: | 北京 机械工业出版社 2003 |
|
| 页数: | 1268页 | |
| 开本: | 24cm | |
| 丛书名: | ||
| 单 册: | ||
| 中图分类: | TU723.3 | |
| 科图分类: | ||
| 主题词: | 建筑工程--概算编制 , 建筑工程--预算编制 | |
| 电子资源: | ||
| ISBN: | 7-111-11341-1 | |
| 000 | 00823nam0 2200241 45 | |
| 001 | 040000000002 | |
| 005 | 20051122081718.95 | |
| 010 | @a7-111-11341-1@dCNY98.00 | |
| 092 | @aCN | |
| 100 | @a20030708d2003 em y0chiy0120 ea | |
| 101 | 0 | @achi |
| 102 | @aCN@b110000 | |
| 105 | @aa z 000yy | |
| 200 | 1 | @a工程概预算编制禁忌与审查@Agong cheng gai yu suan bian zhi jin ji yu shen cha@f周国藩主编@FZhou Guo Fan Zhu Bian |
| 210 | @a北京@c机械工业出版社@d2003 | |
| 215 | @a1268页@c图@d24cm | |
| 330 | @a本书按建筑、安装、市政、房屋修缮等工程分项,详细说明了工程概预算编制中常发生的禁忌问题及审查的方法,并系统说明编制的正确程序和方法。 | |
| 606 | 0 | @a建筑工程@x概算编制 |
| 606 | 0 | @a建筑工程@x预算编制 |
| 690 | @aTU723.3@v4 | |
| 701 | 0 | @a周国藩@4主编 |
| 801 | 0 | @aCN@bCXYBOOK@c20051122 |
| 905 | @a10447@dTU723.3@e168 | |
| 工程概预算编制禁忌与审查/周国藩主编.-北京:机械工业出版社,2003 |
| 1268页:图;24cm |
| ISBN 7-111-11341-1:CNY98.00 |
| 本书按建筑、安装、市政、房屋修缮等工程分项,详细说明了工程概预算编制中常发生的禁忌问题及审查的方法,并系统说明编制的正确程序和方法。 |
| ● |
| 相关链接 |
|
|
|
|
正题名:工程概预算编制禁忌与审查
索取号:TU723.3/168
 
预约/预借
| 序号 | 登录号 | 条形码 | 馆藏地/架位号 | 状态 | 备注 |
| 1 | 0351428 | 3514281 | 第二样本阅览室/ [索取号:TU723.3/168] | 在馆 | |
| 2 | 0368502 | 203685020 | 第三借阅区/ [索取号:TU723.3/168] | 在馆 | |
| 3 | 0368503 | 203685039 | 第三借阅区/ [索取号:TU723.3/168] | 在馆 | |
| 4 | 0368504 | 203685048 | 第三借阅区/ [索取号:TU723.3/168] | 在馆 |